| 000 | 00402nam a2200157Ia 4500 | ||
|---|---|---|---|
| 003 | OSt | ||
| 005 | 20230526113323.0 | ||
| 008 | 211028s2017 xx 000 0 und d | ||
| 040 | _cAIMIT LIBRARY | ||
| 041 | _aeng | ||
| 100 |
_aNara, Supriya; Mohammed, Riyaz. _98716 _e151924 |
||
| 110 |
_aRiyaz Mohammed _98717 |
||
| 245 | _aActivity automator tool. | ||
| 260 |
_aMangalore _c2017 |
||
| 942 |
_2ddc _cPRO |
||
| 999 |
_c220027 _d220027 |
||